Zgadnij grę po logo - Statystyki

Ogólne statystyki
  • Ten quiz został rozwiązany 269 razy
  • Średni wynik to 13 z 20
Statystyki odpowiedzi
Obrazkowy Odpowiedź % Poprawnych
Fortnite
95%
Minecraft
93%
The Sims
91%
Fall Guys
90%
Among Us
89%
Roblox
88%
EA FC 24
80%
Genshin Impact
80%
NBA
80%
Rocket League
74%
GTA V
69%
Farming Simulator
66%
Euro Truck Simulator
62%
Need For Speed
59%
F1
46%
the Hunter
33%
Cities Skylines
22%
BeamNG Drive
19%
Gacha
19%
UFC
18%
Nie znaleziono quizów pasujących do podanych kryteriów
Rozkład punktacji
Procent ludzi z każdym wynikiem
Percentyl według liczby udzielonych odpowiedzi
Twoja historia wyników
Nie rozwiązałeś tego quizu